00681nam a2200181 a 450000100100000000500170001000800410002704000250006808200150009310000390010824500930014726000540024030000210029459000260031570000280034195201130036999900170048200004236420201002040115.0131127s1976 ve 000 0 spa d aDO-SdBNPbspacBNPHU axxxbP438a1 aPérez Alfonzo, Juan Pablo96944010aAlternativas /cIván Loscher, Juan Pablo Pérez Alfonzo ; prólogo Carlos A. Sabino. aCaracas-Venezuela :bGarbizu and Todtmann,c1976. a186 p. ;c19 cm. aInventariado, 2019/VM12aSabino, Carlos A.91994 001050718MOaGRbGRcHDd2013-11-27iLF1l0oxxx P438ap42364-10r2020-06-25w2020-06-25y1ZNo se presta c41853d41853